[Event "Kingston Easter U1900"]
[Site "Kingston"]
[Date "2019.04.21"]
[Round "6.26"]
[White "Phillips, Brian J"]
[Black "Bond, Hal"]
[Result "1/2-1/2"]
[WhiteElo "1654"]
[BlackElo "1644"]
[PlyCount "88"]
[EventDate "2019.04.18"]
[EventType "swiss"]
[EventRounds "9"]
[EventCountry "CAN"]
[SourceTitle "EXT 2022"]
[Source "ChessBase"]
[SourceDate "2021.10.06"]
[SourceVersion "1"]
[SourceVersionDate "2021.10.06"]
[SourceQuality "1"]

1. e4 Nf6 2. Nc3 e5 3. Nf3 Bb4 4. Bc4 Nc6 5. 0-0 0-0 6. d3 h6 7. Nd5 d6 8. h3 Nxd5 9. Bxd5 Be6 10. Bxe6 fxe6 11. Nh2 Qh4 12. Nf3 Qh5 13. c3 Bc5 14. Be3 Bb6 15. Bxb6 axb6 16. Nh2 Qg5 17. Nf3 Qf4 18. Qd2 Qf6 19. Nh2 Rf7 20. Ng4 Qg6 21. f3 Raf8 22. Rf2 h5 23. Nh2 Rf4 24. Nf1 Rxf3 25. Rxf3 Rxf3 26. Kh2 Rf4 27. Ne3 Qf6 28. Kg1 Ne7 29. Rf1 Ng6 30. Qe2 Qg5 31. Kh2 Rxf1 32. Nxf1 Nf4 33. Qd2 h4 34. a4 Qf6 35. Ne3 Qg5 36. Nf1 d5 37. b4 d4 38. c4 Kf7 39. a5 Ke7 40. axb6 cxb6 41. b5 Kd7 42. Kh1 Qh5 43. Nh2 Ne2 44. Ng4 Nf4 1/2-1/2

[Event "Kingston Easter U1900"]
[Site "Kingston"]
[Date "2019.04.19"]
[Round "2.26"]
[White "Groot Lipman, Jeff"]
[Black "Phillips, Brian J"]
[Result "0-1"]
[WhiteElo "1848"]
[BlackElo "1654"]
[PlyCount "116"]
[EventDate "2019.04.18"]
[EventType "swiss"]
[EventRounds "9"]
[EventCountry "CAN"]
[SourceTitle "EXT 2022"]
[Source "ChessBase"]
[SourceDate "2021.10.06"]
[SourceVersion "1"]
[SourceVersionDate "2021.10.06"]
[SourceQuality "1"]

1. e4 e6 2. d3 d5 3. Nd2 g6 4. Ngf3 Bg7 5. g3 c5 6. Bg2 Nc6 7. 0-0 Nf6 8. Re1 0-0 9. c3 d4 10. cxd4 cxd4 11. Nb3 e5 12. h3 Qb6 13. Nh2 Be6 14. Bd2 Rac8 15. Rc1 Nb4 16. Bxb4 Qxb4 17. Qd2 Qxd2 18. Nxd2 Bh6 19. Rxc8 Rxc8 20. Nb3 Bxb3 21. axb3 Rc1 22. Kf1 Rxe1+ 23. Kxe1 Bc1 24. Kd1 Bxb2 25. Bf3 Nd7 26. Bg4 Nb6 27. Be2 Kg7 28. Nf3 f6 29. Nd2 Bc3 30. Nc4 Nd7 31. f4 a5 32. fxe5 fxe5 33. Bg4 Nc5 34. Kc2 Kf6 35. Bc8 b5 36. Nb6 a4 37. bxa4 bxa4 38. Nd7+ Nxd7 39. Bxd7 a3 40. Kb3 Be1 41. Kxa3 Bxg3 42. Kb2 Kg5 43. Kc2 Kf4 44. Kd1 Ke3 45. Kc2 Bf4 46. Be6 Kf3 47. Bg8 h6 48. Bf7 g5 49. Be6 Kg3 50. Kd1 h5 51. Ke2 g4 52. h4 Kxh4 53. Kf2 Be3+ 54. Kg2 Kg5 55. Kg3 h4+ 56. Kg2 Kf4 57. Bf7 h3+ 58. Kh1 g3 0-1